|
|
|
|
| LEADER |
01244nam a2200325 i 4500 |
| 001 |
3043 |
| 003 |
BD-DhAAL |
| 005 |
20151003193412.0 |
| 008 |
151003s1978 nyu b 001 0 eng |
| 010 |
|
|
|a 78006407
|
| 020 |
|
|
|a 0471948772.
|a 0471948780
|
| 020 |
|
|
|a 0881337277
|
| 040 |
|
|
|a DLC
|c DLC
|d DLC
|d BD-DhAAL
|
| 050 |
0 |
0 |
|a E701
|b .W54
|
| 082 |
0 |
0 |
|a 320.9/73/08
|
| 100 |
1 |
|
|a Williams, R. Hal
|q (Richard Hal),
|d 1941-
|9 15068
|
| 245 |
1 |
0 |
|a Years of decision :
|b American politics in the 1890s /
|c R. Hal Williams.
|
| 260 |
|
|
|a New York :
|b Wiley,
|c c1978.
|
| 300 |
|
|
|a xi, 219 p. ;
|c 22 cm.
|
| 490 |
|
|
|a Critical episodes in American politics
|
| 500 |
|
|
|a Includes index.
|
| 504 |
|
|
|a Bibliography: p. 163-169.
|
| 541 |
|
|
|e 3043
|
| 650 |
|
0 |
|a Political parties
|z United States
|x History.
|9 15069
|
| 651 |
|
0 |
|a United States
|x Politics and government
|y 1889-1893.
|9 15070
|
| 651 |
|
0 |
|a United States
|x Politics and government
|y 1893-1897.
|9 15071
|
| 651 |
|
0 |
|a United States
|x Politics and government
|y 1897-1901.
|9 15072
|
| 942 |
|
|
|2 ddc
|c BK
|
| 999 |
|
|
|c 35669
|d 35669
|
| 952 |
|
|
|0 0
|1 0
|2 ddc
|4 0
|6 320_900000000000000_73_08_WIL
|7 0
|9 56091
|a SCL
|b SCL
|c GEN
|d 2015-10-03
|e Gift: The Asia Foundation
|l 0
|o 320.97308 WIL
|p 3020003043
|r 2015-10-03
|t 1
|w 2015-10-03
|y BK
|